000
00329nam a22000977a 4500
100
_a
स्वामी,डॉ.शंकरलाल
_9
81105
245
_a
चरैवेति चरैवेति
260
_a
बीकानेर
_b
कलासन प्रकाशन
_c
2004
650
_a
यात्रा
942
_c
HIN
999
_c
64350
_d
64350